000 00636nam a2200217 i 4500
001 102589
003 ES-MaACL
005 20250720203018.0
007 t|
008 051117s1972 sp ||||1| spa d
100 1 _aMerino, José María,
_d1941-
_9149582
245 1 3 _aEl sitio de Tarifa /
_cJosé María Merino.
250 _a[1ª ed.].
260 _aMadrid :
_bHelios,
_c1972.
300 _a75 p. ;
_c20 cm.
490 1 _aColección de poesía Saco Roto ;
_v8
830 0 _aColección de poesía Saco Roto ;
_v8
_9184244
852 _aES-MaACL
_jC-43818
_bR.83357
942 _2udc
999 _c102589
_d102589